THE SUPERVISION OF PERSONAL HUMAN RELATIONS IN THE MANAGEMENT OF MAN (Record no. 568694)
[ view plain ]
| 000 -LEADER | |
|---|---|
| fixed length control field | 00297nam a22001097a 4500 |
| 082 ## - DEWEY DECIMAL CLASSIFICATION NUMBER | |
| Classification number | 658.302 PFI'S |
| 100 ## - MAIN ENTRY--PERSONAL NAME | |
| Personal name | PFIFFNER, JOHN M |
| 9 (RLIN) | 58503 |
| 245 ## - TITLE STATEMENT | |
| Title | THE SUPERVISION OF PERSONAL HUMAN RELATIONS IN THE MANAGEMENT OF MAN |
| 260 ## - PUBLICATION, DISTRIBUTION, ETC. | |
| Place of publication, distribution, etc. | NEWYORK |
| Name of publisher, distributor, etc. | PRENTICE HALL |
| Date of publication, distribution, etc. | 1955 |
| 300 ## - PHYSICAL DESCRIPTION | |
| Extent | 454P |
| 942 ## - ADDED ENTRY ELEMENTS (KOHA) | |
| Koha item type | Book |
| Withdrawn status | Lost status | Damaged status | Not for loan | Permanent Location | Current Location | Shelving location | Date acquired | Total Checkouts | Full call number | Barcode | Date last seen | Price effective from | Koha item type |
|---|---|---|---|---|---|---|---|---|---|---|---|---|---|
| College of Electrical & Mechanical Engineering (CEME) | College of Electrical & Mechanical Engineering (CEME) | General Stacks | 07/17/2017 | 658.302 PFI'S | CEME-3039 | 06/28/2021 | 06/28/2021 | Book |
